No substitute for victory.

Sparad:
Bibliografiska uppgifter
Huvudupphovsman: Johnson, Frank J.
Materialtyp: Bok
Språk:Undetermined
Publicerad: Chicago H. Regnery Co 1962
Ämnen:
Taggar: Lägg till en tagg
Inga taggar, Lägg till första taggen!
Thư viện lưu trữ: Trung tâm Học liệu Trường Đại học Cần Thơ
LEADER 00471nam a2200181Ia 4500
001 CTU_86098
008 210402s9999 xx 000 0 und d
082 |a 973.92 
082 |b J67 
100 |a Johnson, Frank J. 
245 0 |a No substitute for victory. 
245 0 |c Frank J. Johnson 
260 |a Chicago 
260 |b H. Regnery Co 
260 |c 1962 
650 |a World politics, 1945 
904 |i Năm 
980 |a Trung tâm Học liệu Trường Đại học Cần Thơ